000 02505cam a22004934i 4500
003 PE-LiUPU
005 20250731173416.0
008 150706s r 000 0 d
020 _a9780758613066
035 _a(Sirsi) i9780758613066
040 _aPE-LiUPU
_bspa
_cPE-LiUPU
_erda
049 _aPRUA
082 0 4 _a220
_bCC
_221
100 1 _aBustamante, Roberto E. ,
_eautor.
245 1 0 _aCarta de Pablo a Tito /
_cRoberto E. Bustamente.
264 1 _aSaint Louis :
_bEditorial Concordia,
_c2008.
300 _a414 páginas :
_bilustraciones ;
_c24 cm.
336 _atext
_2rdacontent
337 _aunmediated
_2rdamedia
338 _avolume
_2rdacarrier
490 0 _aComentario Concordia
504 _aIncluye referencias bibliográficas (p. 379-414).
505 0 _aIntroducción al comentario a las cartas a Timoteo y a Tito -- Tito a vuelo de pájaro -- Tito 1:1-4/ párrafo 1 - apertura de la carta -- Tito 1: 5-9/ párrafo 2 - la estructura necesaria -- Tito 1:10-16/ párrafo 3 - los falsos maestros -- Tito 2:1-15/ párrafo 4 - servir al nuevo amo -- Tito 3:1-8A/ párrafo 5 - vivir como herederos -- Tito 3:8B-11/ párrafo 6 - a distinguir se ha dicho -- Tito 3:12-14/ párrafo 7 - movimientos que traen frutos -- Tito 3:15A/ párrafo 8 - saludos finales -- Tito 3:15B/ párrafo 9 - cierre de la carta -- Las afirmaciones confiables -- La imitación del ejemplo en el corpus paulino -- Los oficios eclesiásticos en las pastorales -- El concepto de historia en las pastorales -- Personajes de las pastorales -- Cronología paulina -- Tablas de verbos de movimiento -- Familia de manuscritos -- Texto de Tito.
526 _aSEG42
526 _aSEG41
526 _aSEG40
526 _aSEG39
526 _aP94
526 _aP87
526 _aP86
526 _aP85
526 _aP77
526 _aP76
526 _aP35
541 _g001-0000567;
630 _aBiblia.
_pN.T.
_pTito
_vComentarios.
700 1 _aHoppe, Hector,
_eed.
910 _agl
_cjck
_d20120521
942 _2ddc
_cBOOK
949 _a220 CC 56
_wDEWEY
_c1
_i64692
_lCCODEBUL1
_mBUL
_p27.00
_r0
_sY
_tBOOK
_u2015-7-6
_xTEOLOGIA
_PP35
_o.STAFF. Colección General
994 _aC0
_bPEPRU
596 _a1
999 _a220 CC 56
_wDEWEY
_c53397
_i64692
_d53397
_e2019-6-9
_f2021-11-9
_g5
_lCCODEBUL1
_mBUL
_n2
_p27.00
_r0
_sY
_tBOOK
_u2015-7-6
_xTEOLOGIA
_PP35
_0COMPRA
_o.STAFF. Colección General
980 _81
_gALBERTO SANCHEZ Responsable de Automatización